00761nac a22002171u 4500010001500000020001500015082001600030090001300046100003400059245012600093250001200219260004100231300001100272650003700283650002300320700001900343700002100362942001900383999001300402952012800415 a2003051923 a020178791100a005.8bG638 c520d520 aGong, Li, 10aInside Java 2 platform security :barchitecture, API design, and implementation /cLi Gong, Gary Ellison, Mary Dageforde. a2nd ed. aBoston, MA :bAddison-Wesley,c2004. ap. cm. 0aJava (Computer program language) 0aComputer security.1 aEllison, Gary.1 aDageforde, Mary. cBBk005.8 G638 c520d520 00102ddc40708 aMAINbMAINcLOWd2016-06-06epurchaseg270.00l0o005.8 GONp000004099r2025-07-15 00:00:00v337.50yBB